|
|
|
|
| LEADER |
00853naa a2200205 i 4500 |
| 001 |
publ15114 |
| 005 |
20190416100222.0 |
| 008 |
190416s2018 hu o 0|| magyar d |
| 020 |
|
|
|a 9789633153741
|
| 024 |
7 |
|
|a 3405843
|2 mtmt
|
| 040 |
|
|
|a SZTE Publicatio Repozitórium
|b hun
|
| 041 |
|
|
|a magyar
|
| 100 |
1 |
|
|a Lengyel Imre
|
| 245 |
1 |
2 |
|a A visegrádi országok régióinak rugalmasságáról
|h [elektronikus dokumentum] /
|c Lengyel Imre
|
| 260 |
|
|
|a JATEPress Kiadó
|b Szeged
|c 2018
|
| 300 |
|
|
|a 26
|
| 300 |
|
|
|a 197-222
|
| 490 |
0 |
|
|a Térségek növekedése és fejlődése: egészségipari és tudásalapú fejlesztési stratégiák
|
| 700 |
0 |
1 |
|a Kotosz Balázs Gyula
|e aut
|
| 856 |
4 |
0 |
|u http://publicatio.bibl.u-szeged.hu/15114/1/lengyel_imre__kotosz_balazs__a_visegradi_orszagok_regioinak_rugalmassagarol__tersegek_novekedese_es_fejlodese.pdf
|z Dokumentum-elérés
|